Οικονομία του απόδημου ελληνισμού : για ένα διεθνές οικονομικό δίκτυο του ελληνισμού

Αποθηκεύτηκε σε:
Λεπτομέρειες βιβλιογραφικής εγγραφής
Συγγραφή απο Οργανισμό/Αρχή: Ινστιτούτο Στρατηγικών και Αναπτυξιακών Μελετών "Ανδρέας Παπανδρέου"
Μορφή: Βιβλίο
Γλώσσα:Greek
Δημοσίευση: Αθήνα : Ινστιτούτο Στρατηγικών και Αναπτυξιακών Μελετών - Α. Παπανδρέου, 2001
Θέματα:
Ετικέτες: Προσθήκη ετικέτας
Δεν υπάρχουν, Καταχωρήστε ετικέτα πρώτοι!

MARC

LEADER 00000nam a2200000 i 4500
001 1/26502
008 020820s2001 gre d
035 |l 10068266 
040 |a GR-MY-UA  |b gre  |e aacr 
041 0 |a gre 
082 0 |a 304.809495 
245 1 0 |a Οικονομία του απόδημου ελληνισμού :  |b για ένα διεθνές οικονομικό δίκτυο του ελληνισμού /  |c Ινστιτούτο Στρατηγικών και Αναπτυξιακών Μελετών - Α. Παπανδρέου 
260 |a Αθήνα :   |b Ινστιτούτο Στρατηγικών και Αναπτυξιακών Μελετών - Α. Παπανδρέου,   |c 2001 
300 |a 232 σ. 
651 0 |a Greece  |x Emigration and immigration  |x Economic aspects. 
710 2 |a Ινστιτούτο Στρατηγικών και Αναπτυξιακών Μελετών "Ανδρέας Παπανδρέου". 
852 |a INST  |b RHODES  |e 20020820  |h 304.809495 ΟΙΚ  |p 005400016314  |q 005400016314  |t BK  |y 0 
901 |a BIBL4-2002-2 
909 |a Ρ  |b 101075 
920 |a ΠΑΝΕΛΛΗΝΙΑ ΑΓΩΝΙΣΤΙΚΗ ΣΠΟΥΔΑΣΤΙΚΗ ΠΑΡΑΤΑΞΗ (ΠΑΣΠ)ΡΟΔΟΥ  |y ΡΟΔΟΣ  |z 2002-05 
970 |a ΚΟΥΛΑΚΙΟΤΗ  |b ΛΙΤΣΑ  |z 2002/08/20